00224nam a2200097Ia 4500008004100000082000800041100001200049245004400061942000600105999001500111240331s9999 xx 000 0 und d bIVA aIvan, V 0aSri Lanka in crisis :broad to conflict cL c2390d2390